000 00408nam a2200157Ia 4500
008 230312s9999||||xx |||||||||||||| ||und||
020 _a1-905209-06-1
082 _a621.3192
_bPRE-P
100 _aPreve;Christophe
245 0 _aProtection of Electrical Networks
260 _bISTE
_aIndia
_c2008
300 _a499
546 _aEng.
650 _aEngineering
_vProtection of Electrical Networks
942 _cBK
999 _c7788
_d7788